000 00348nam a2200133Ia 4500
008 100328s9999 xx 000 0 und d
082 _b49216
100 _aराजे प्रभा चंद्रकांत
245 _aबम्बी
260 _bशेठ
630 _aबम्बी
730 _aबम्बी
942 _cBOOK
999 _c536648
_d536645